000 01149nas a2200241 a 4500
001 29908
003 AR-BaAGN
005 20231102111414.0
007 ta
008 220701s1931 ag |||p|r||||f|||||0spa d
040 _aAR-BaAGN
_bspa
_eaacr
110 2 _aInstituto de Criminología de la Penitenciaría Nacional
245 1 0 _aRevista de Criminología, Psiquiatría y Medicina Legal.
260 _aBuenos Aires :
_b[editor no identificado],
_c1931.
300 _a[118] páginas
310 _aBimestral
336 _2rdacontent
_btxt
337 _2rdamedia
_bn
338 _2rdacarrier
_bnc
520 _aEl llanto sin lágrimas en los estados melancólicos, su valor pronóstico. Encefalitis y servicio militar. Anomalías en el tiempo de aparición de la rigidez cadavérica. Cuestiones penales y penitenciarias: Ensanchando el horizonte de las celdas. El problema sexual en las prisiones. Jurisprudencia: Homicidio. Envenenamiento. Instigadora. Recurso extraordianrio improcedente. Fallo. Varias: Lord Byron: Estudio de Psicología Patológica. Análisis de libros y revistas. Noticias y comentarios
942 _cREVISTA
999 _c29908
_d29908